|
|
|
|
| LEADER |
00000nab a2200000 ar4500 |
| 001 |
vtls008962771 |
| 003 |
SK-MaSNL |
| 005 |
20260303070732.0 |
| 008 |
070411c2007 xo mr|p|||||||000 b|slo |
| 015 |
|
|
|a SNBRB2007/04
|2 snkbucl
|
| 040 |
|
|
|a SNKBUCL
|b slo
|c SNKBUCL
|e AACR2
|
| 041 |
0 |
|
|a slo
|
| 044 |
|
|
|a xo
|c SK
|
| 080 |
|
|
|a 78.071.2:784.66
|2 2001
|
| 080 |
|
|
|a 784.66
|2 2001
|
| 080 |
|
|
|a 929 Smatanová, Zuzana
|2 2001
|
| 245 |
0 |
0 |
|a 30 otázok pre Zuzanu Smatanovú
|
| 246 |
3 |
|
|a Tridsať otázok pre Zuzanu Smatanovú
|
| 300 |
|
|
|b Fotogr.
|
| 600 |
1 |
7 |
|a Smatanová, Zuzana,
|d 1984-
|2 snkbucl
|9 99644
|
| 700 |
1 |
|
|a Smatanová, Zuzana,
|d 1984-
|4 ive
|4 aut
|9 99644
|
| 773 |
0 |
|
|t Extra plus
|g Roč. 7, apríl (2007), s. 43
|x 1336-0256
|
| 852 |
|
|
|a SNK
|b KIS3GCP
|
| 958 |
|
|
|a SK
|
| 958 |
|
|
|a BX
|
| 999 |
|
|
|c 1756710
|d 1758640
|